Subject heading list. (Record no. 11890)

MARC details
000 -LEADER
fixed length control field 00622cam a22002051 4500
001 - CONTROL NUMBER
control field agr63000307
003 - CONTROL NUMBER IDENTIFIER
control field DLC
005 - DATE AND TIME OF LATEST TRANSACTION
control field 20260227111022.0
008 - FIXED-LENGTH DATA ELEMENTS--GENERAL INFORMATION
fixed length control field 840201s1963 dcu f000 0 eng
010 ## - LIBRARY OF CONGRESS CONTROL NUMBER
LC control number agr63000307 //r892
040 ## - CATALOGING SOURCE
Original cataloging agency DLC/ICU
Transcribing agency ICU
Modifying agency DLC
050 00 - LIBRARY OF CONGRESS CALL NUMBER
Classification number Z695.1.A4
Item number U4
110 20 - MAIN ENTRY--CORPORATE NAME
Corporate name or jurisdiction name as entry element National Agricultural Library (U.S.)
245 00 - TITLE STATEMENT
Title Subject heading list.
250 ## - EDITION STATEMENT
Edition statement Prelim. ed.
260 0# - PUBLICATION, DISTRIBUTION, ETC.
Place of publication, distribution, etc. Washington
Name of publisher, distributor, etc. [For sale by the Superintendent of Documents, U.S. Govt. Print. Off.]
Date of publication, distribution, etc. 1963.
300 ## - PHYSICAL DESCRIPTION
Extent 4 v. (viii, 2434 p.)
Dimensions 28 cm.
500 ## - GENERAL NOTE
General note Cover title.
650 #0 - SUBJECT ADDED ENTRY--TOPICAL TERM
Topical term or geographic name entry element Subject headings
General subdivision Agriculture.

No items available.

Powered by Koha